| 000 | 00872nam a2200193 i 4500 | ||
|---|---|---|---|
| 001 | 187899 | ||
| 003 | ES-MaACL | ||
| 005 | 20230906223044.0 | ||
| 008 | 180320s1899 xxk |||| | eng d | ||
| 110 | 0 |
_aGran Bretaña. _bForeign Office. _94480 |
|
| 245 | 1 | 0 |
_aChile _b: report for the year 1897 on the trade and commerce of the consular district of Valparaiso : reference to previous report, annual series nº 2025 / presented to both Houses of Parliament by command of Her Majesty, april 1899. |
| 260 |
_aLondon : _bForeing Office, _c1899. |
||
| 300 |
_a21 p. ; _c25 cm. |
||
| 490 | 1 |
_aDiplomatic and consular reports. Annual series ; _v2232 |
|
| 651 | 4 |
_aChile- _xComercio exterior. _9164420 |
|
| 830 | 0 |
_aDiplomatic and consular reports. Annual series ; _v2232 _9192842 |
|
| 852 |
_aES-MaACL _jT-954-F-6 _z.- Legado de González del Campillo |
||
| 999 |
_c187899 _d187899 |
||